TV Comedies by Cast II Quiz Stats

Quiz Updated Jul 12, 2015

Challenge
Share
Tweet
Score 0/20 Timer 08:00
0 Plays Today
% Correct
The Fresh Prince of Bel-Air
98.3%
The Addams Family
94.8%
Full House
91.5%
Home Improvement
87.5%
Frasier
87.1%
Roseanne
86.9%
Parks and Recreation
83%
Married... With Children
79.9%
The Nanny
78.8%
Family Matters
77.8%
% Correct
New Girl
77.3%
Boy Meets World
76.6%
Three's Company
74.3%
Community
71.9%
The Jeffersons
71.5%
The Mindy Project
68.2%
The Middle
65%
Everybody Hates Chris
64%
Diff'rent Strokes
62.9%
Psych
53.8%

You're not logged in!

Compare scores with friends on all Sporcle quizzes.
Sign Up with Email
OR
Log In

You Might Also Like...

Show Comments

Extras

Top Quizzes Today


Score Distribution

Your Account Isn't Verified!

In order to create a playlist on Sporcle, you need to verify the email address you used during registration. Go to your Sporcle Settings to finish the process.